[Event "New Zealand Junior Championship"]
[Site "Wellington"]
[Date "2023.01.04"]
[Round "2.2"]
[White "Hookings, Jonathon"]
[Black "Mao, Daqi"]
[Result "0-1"]
[WhiteElo "1584"]
[BlackElo "2085"]

1. d4 {[%clk 01:00:58] [%emt 00:00:01]} 1... d5 {[%clk 01:00:54] [%emt
00:00:07]} 2. Nc3 {[%clk 01:01:27]} 2... Nf6 {[%clk 01:01:19] [%emt 00:00:05]}
3. Bf4 {[%clk 01:01:53] [%emt 00:00:04]} 3... e6 {[%clk 01:01:42] [%emt
00:00:08]} 4. e3 {[%clk 01:02:19] [%emt 00:00:04]} 4... a6 {[%clk 01:02:03]
[%emt 00:00:10]} 5. h3 {[%emt 00:00:18]} 5... c5 {[%clk 01:02:21]} 6. Nf3
{[%clk 01:02:55] [%emt 00:00:17]} 6... Nc6 {[%clk 01:02:00] [%emt 00:00:50]} 7.
Bd3 {[%clk 01:02:49] [%emt 00:00:36]} 7... c4 {[%clk 01:01:28] [%emt 00:01:02]}
8. Be2 {[%clk 01:03:02] [%emt 00:00:17]} 8... Bb4 {[%clk 01:01:46] [%emt
00:00:12]} 9. O-O {[%clk 01:02:47] [%emt 00:00:45]} 9... Bxc3 {[%clk 01:01:52]
[%emt 00:00:24]} 10. bxc3 {[%clk 01:03:12] [%emt 00:00:05]} 10... Ne4 {[%clk
01:02:16] [%emt 00:00:05]} 11. Qe1 {[%clk 01:00:26] [%emt 00:03:17]} 11... Qa5
{[%clk 01:02:29] [%emt 00:00:17]} 12. Ng5 {[%clk 01:00:34] [%emt 00:00:22]}
12... Nxc3 {[%clk 01:02:21] [%emt 00:00:38]} 13. Bd6 {[%clk 00:59:41] [%emt
00:01:23]} 13... Nxe2+ {[%clk 01:02:08] [%emt 00:00:43]} 14. Qxe2 {[%clk
01:00:06] [%emt 00:00:05]} 14... Qd8 {[%clk 01:02:26] [%emt 00:00:11]} 15. Bf4
{[%clk 00:59:00] [%emt 00:01:36]} 15... h6 {[%clk 01:02:31] [%emt 00:00:25]}
16. Nf3 {[%clk 00:59:17] [%emt 00:00:14]} 16... O-O {[%clk 01:02:44] [%emt
00:00:16]} 17. Nh2 {[%clk 00:59:11] [%emt 00:00:37]} 17... f6 {[%clk 01:01:18]
[%emt 00:01:56]} 18. Nf3 {[%clk 00:55:29] [%emt 00:04:12]} 18... Qe7 {[%clk
01:00:01] [%emt 00:01:47]} 19. Nh4 {[%clk 00:52:18] [%emt 00:03:40]} 19... Kh7
{[%clk 00:55:19] [%emt 00:05:12]} 20. Bg3 {[%clk 00:45:33] [%emt 00:07:16]}
20... b5 {[%clk 00:53:21] [%emt 00:02:28]} 21. c3 {[%clk 00:45:41] [%emt
00:00:22]} 21... f5 {[%clk 00:49:18] [%emt 00:04:32]} 22. Nf3 {[%clk 00:45:18]
[%emt 00:00:54]} 22... a5 {[%clk 00:49:35] [%emt 00:00:14]} 23. Ne5 {[%clk
00:45:02] [%emt 00:00:45]} 23... Nxe5 {[%clk 00:49:57] [%emt 00:00:08]} 24.
Bxe5 {[%clk 00:45:26] [%emt 00:00:05]} 24... b4 {[%clk 00:48:42] [%emt
00:01:46]} 25. Qb2 {[%clk 00:45:00] [%emt 00:00:55]} 25... Ra7 {[%clk 00:45:31]
[%emt 00:03:41]} 26. Rfc1 {[%clk 00:42:24] [%emt 00:03:05]} 26... Rb7 {[%clk
00:44:24] [%emt 00:01:37]} 27. Kf1 {[%clk 00:41:19] [%emt 00:01:35]} 27... Rf7
{[%clk 00:43:03] [%emt 00:01:51]} 28. a3 {[%clk 00:40:32] [%emt 00:01:18]}
28... Qf8 {[%clk 00:39:47] [%emt 00:03:46]} 29. axb4 {[%clk 00:36:18] [%emt
00:04:44]} 29... axb4 {[%clk 00:40:08] [%emt 00:00:09]} 30. Ra4 {[%clk
00:36:29] [%emt 00:00:19]} 30... bxc3 {[%clk 00:39:32] [%emt 00:01:06]} 31.
Qxc3 {[%clk 00:36:52] [%emt 00:00:06]} 31... Rb3 {[%clk 00:39:41] [%emt
00:00:23]} 32. Qc2 {[%clk 00:36:33] [%emt 00:00:48]} 32... Rfb7 {[%clk
00:39:38] [%emt 00:00:33]} 33. Ra2 {[%clk 00:36:14] [%emt 00:00:49]} 33... Qb4
{[%clk 00:38:16] [%emt 00:01:52]} 34. g3 {[%clk 00:34:52] [%emt 00:01:52]}
34... c3 {[%clk 00:36:50] [%emt 00:01:56]} 35. h4 {[%clk 00:31:52] [%emt
00:03:29]} 35... Bd7 {[%emt 00:04:28]} 36. Raa1 {[%clk 00:27:00] [%emt
00:01:46]} 36... Ba4 {[%clk 00:35:38] [%emt 00:01:22]} 37. Kg2 {[%clk 00:25:45]
[%emt 00:01:45]} 37... Ra3 {[%clk 00:34:26] [%emt 00:01:43]} 38. Qb1 {[%clk
00:25:35] [%emt 00:00:40]} 38... Rxa1 {[%clk 00:32:52] [%emt 00:02:04]} 39.
Qxa1 {[%clk 00:22:11] [%emt 00:03:53]} 39... c2 {[%clk 00:33:04] [%emt
00:00:18]} 40. Bd6 {[%clk 00:20:33] [%emt 00:02:08]} 40... Qb1 {[%clk 00:32:07]
[%emt 00:01:27]} 41. Rxb1 {[%clk 00:20:37] [%emt 00:00:26]} 41... Rxb1 {[%clk
00:31:43] [%emt 00:00:54]} 42. Qxa4 {[%clk 00:20:57] [%emt 00:00:09]} 42...
c1=Q {[%clk 00:32:06] [%emt 00:00:08]} 43. Kf3 {[%clk 00:20:44] [%emt
00:00:43]} 43... Qh1+ {[%clk 00:32:30] [%emt 00:00:06]} 44. Ke2 {[%clk
00:20:45] [%emt 00:00:29]} 44... Rb2+ {[%clk 00:32:55] [%emt 00:00:05]} 45. Kd3
{[%clk 00:20:54] [%emt 00:00:21]} 45... Qb1+ {[%clk 00:33:14] [%emt 00:00:11]}
46. Kc3 {[%clk 00:21:12] [%emt 00:00:12]} 46... Qc1+ {[%clk 00:33:40] [%emt
00:00:04]} 47. Kd3 {[%clk 00:21:35] [%emt 00:00:08]} 47... Rd2# {[%clk
00:33:33] [%emt 00:00:04]} 0-1

[Event "New Zealand Junior Championship"]
[Site "Wellington"]
[Date "2023.01.04"]
[Round "2.4"]
[White "Zhang, Yaoyuan"]
[Black "Suggate, Romero"]
[Result "1/2-1/2"]
[WhiteElo "1515"]
[BlackElo "2049"]

1. d4 {[%clk 01:00:56] [%emt 00:00:04]} 1... d5 {[%clk 01:00:44] [%emt
00:00:17]} 2. c4 {[%clk 01:00:51] [%emt 00:00:34]} 2... c6 {[%clk 01:01:03]
[%emt 00:00:11]} 3. cxd5 {[%clk 01:00:51] [%emt 00:00:30]} 3... cxd5 {[%clk
01:01:22] [%emt 00:00:11]} 4. Nc3 {[%clk 00:59:22] [%emt 00:01:58]} 4... Nf6
{[%clk 01:00:53] [%emt 00:00:59]} 5. Nf3 {[%clk 00:57:51] [%emt 00:02:01]} 5...
Nc6 {[%clk 00:59:21] [%emt 00:02:03]} 6. e3 {[%clk 00:54:04] [%emt 00:04:17]}
6... a6 {[%clk 00:58:26] [%emt 00:01:25]} 7. h3 {[%clk 00:53:14] [%emt
00:01:19]} 7... Bf5 {[%clk 00:57:30] [%emt 00:01:26]} 8. a3 {[%clk 00:51:28]
[%emt 00:02:17]} 8... e6 {[%clk 00:57:27] [%emt 00:00:33]} 9. Bd3 {[%clk
00:50:22] [%emt 00:01:35]} 9... Bxd3 {[%clk 00:57:08] [%emt 00:00:49]} 10. Qxd3
{[%clk 00:50:44] [%emt 00:00:08]} 10... Bd6 {[%clk 00:56:44] [%emt 00:00:54]}
11. e4 {[%clk 00:48:57] [%emt 00:02:16]} 11... dxe4 {[%clk 00:54:52] [%emt
00:02:23]} 12. Nxe4 {[%clk 00:49:14] [%emt 00:00:13]} 12... Nxe4 {[%clk
00:55:20] [%emt 00:00:03]} 13. Qxe4 {[%clk 00:49:35] [%emt 00:00:09]} 13...
Qa5+ {[%clk 00:52:08] [%emt 00:03:42]} 14. Bd2 {[%clk 00:49:12] [%emt
00:00:51]} 14... Qd5 {[%clk 00:50:26] [%emt 00:02:13]} 15. Qxd5 {[%clk
00:47:30] [%emt 00:02:12]} 15... exd5 {[%clk 00:50:54] [%emt 00:00:03]} 16. O-O
{[%clk 00:46:55] [%emt 00:01:05]} 16... O-O {[%clk 00:48:56] [%emt 00:02:28]}
17. Rfe1 {[%clk 00:44:35] [%emt 00:02:49]} 17... Rfe8 {[%clk 00:48:39] [%emt
00:00:48]} 18. Rxe8+ {[%clk 00:44:21] [%emt 00:00:44]} 18... Rxe8 {[%clk
00:49:07] [%emt 00:00:03]} 19. Re1 {[%clk 00:44:43] [%emt 00:00:07]} 19...
Rxe1+ {[%clk 00:44:06] [%emt 00:05:31]} 20. Bxe1 {[%clk 00:45:08] [%emt
00:00:05]} 20... b5 {[%clk 00:42:01] [%emt 00:02:35]} 21. Kf1 {[%clk 00:43:54]
[%emt 00:01:42]} 21... f6 {[%clk 00:41:46] [%emt 00:00:47]} 22. Ke2 {[%clk
00:41:42] [%emt 00:02:41]} 22... Kf7 {[%clk 00:41:53] [%emt 00:00:25]} 23. Kd3
{[%clk 00:40:59] [%emt 00:01:12]} 23... Ke6 {[%clk 00:41:40] [%emt 00:00:44]}
24. Bd2 {[%clk 00:38:52] [%emt 00:02:35]} 24... Bc7 {[%clk 00:39:55] [%emt
00:02:17]} 25. b3 {[%clk 00:36:19] [%emt 00:03:00]} 25... Na5 {[%clk 00:33:44]
[%emt 00:06:44]} 26. Bxa5 {[%clk 00:36:17] [%emt 00:00:31]} 26... Bxa5 {[%clk
00:34:11] [%emt 00:00:03]} 27. b4 {[%clk 00:32:02] [%emt 00:04:45]} 27... Bc7
{[%clk 00:33:47] [%emt 00:00:54]} 28. Nd2 {[%clk 00:32:15] [%emt 00:00:16]}
28... a5 {[%clk 00:32:19] [%emt 00:01:59]} 29. bxa5 {[%clk 00:30:55] [%emt
00:01:50]} 29... Bxa5 {[%clk 00:32:46] [%emt 00:00:04]} 30. Nb3 {[%clk
00:31:14] [%emt 00:00:10]} 30... Bb6 {[%clk 00:26:05] [%emt 00:07:12]} 31. Kc3
{[%clk 00:29:59] [%emt 00:01:36]} 31... Kd6 {[%clk 00:22:29] [%emt 00:04:16]}
32. Kb4 {[%clk 00:29:47] [%emt 00:00:40]} 32... Kc6 {[%clk 00:22:55] [%emt
00:00:05]} 1/2-1/2

[Event "New Zealand Junior Championship"]
[Site "Wellington"]
[Date "2023.01.04"]
[Round "2.5"]
[White "Young, Cohen"]
[Black "Yang, Edison J"]
[Result "1-0"]
[WhiteElo "1994"]
[BlackElo "1492"]

1. e4 {[%clk 01:00:59]} 1... e6 {[%clk 01:00:47] [%emt 00:00:14]} 2. d4 {[%clk
01:01:23] [%emt 00:00:06]} 2... d5 {[%clk 01:01:11] [%emt 00:00:05]} 3. Nc3
{[%clk 01:01:51] [%emt 00:00:02]} 3... Nf6 {[%clk 01:01:19] [%emt 00:00:23]} 4.
Bg5 {[%clk 01:02:14] [%emt 00:00:06]} 4... h6 {[%clk 01:01:00] [%emt 00:00:49]}
5. Bxf6 {[%clk 01:02:36] [%emt 00:00:08]} 5... gxf6 {[%clk 01:01:10] [%emt
00:00:19]} 6. exd5 {[%clk 01:02:32] [%emt 00:00:35]} 6... exd5 {[%clk 01:00:37]
[%emt 00:01:03]} 7. Bd3 {[%clk 01:02:16] [%emt 00:00:46]} 7... c6 {[%clk
00:59:39] [%emt 00:01:29]} 8. Qh5 {[%clk 01:01:45] [%emt 00:01:00]} 8... Rg8
{[%clk 00:57:57] [%emt 00:02:12]} 9. O-O-O {[%clk 00:59:27] [%emt 00:02:48]}
9... Be6 {[%clk 00:49:21] [%emt 00:09:06]} 10. Re1 {[%clk 00:59:38] [%emt
00:00:18]} 10... Qd6 {[%clk 00:47:15] [%emt 00:02:36]} 11. Nf3 {[%clk 00:58:33]
[%emt 00:01:35]} 11... Nd7 {[%clk 00:45:25] [%emt 00:02:21]} 12. Rxe6+ {[%clk
00:58:56] [%emt 00:00:06]} 12... Qxe6 {[%clk 00:43:04] [%emt 00:02:51]} 13. Re1
{[%clk 00:59:26]} 13... O-O-O {[%clk 00:43:01] [%emt 00:00:33]} 14. Rxe6 {[%clk
00:58:34] [%emt 00:00:27]} 14... fxe6 {[%clk 00:43:03] [%emt 00:01:22]} 15. g4
{[%clk 00:58:38] [%emt 00:00:23]} 15... Bg7 {[%clk 00:40:26] [%emt 00:03:10]}
16. Nh4 {[%clk 00:55:21] [%emt 00:03:47]} 16... e5 {[%clk 00:39:09] [%emt
00:01:47]} 17. Nf5 {[%clk 00:55:36] [%emt 00:00:14]} 17... Bf8 {[%clk 00:38:08]
[%emt 00:01:32]} 18. f3 {[%clk 00:54:52] [%emt 00:01:13]} 18... Rg5 {[%clk
00:36:27] [%emt 00:02:13]} 19. Qf7 {[%clk 00:54:49] [%emt 00:00:28]} 19... h5
{[%clk 00:31:36] [%emt 00:05:26]} 20. h4 {[%clk 00:54:56] [%emt 00:00:23]}
20... hxg4 {[%clk 00:29:39] [%emt 00:02:27]} 21. hxg5 {[%clk 00:55:18] [%emt
00:00:08]} 21... fxg5 {[%clk 00:28:58] [%emt 00:01:11]} 22. dxe5 {[%clk
00:54:38] [%emt 00:01:11]} 22... Nxe5 {[%clk 00:27:21] [%emt 00:02:06]} 23.
Qe6+ {[%emt 00:03:12]} 23... Nd7 {[%clk 00:24:45]} 24. fxg4 {[%clk 00:55:23]
[%emt 00:00:08]} 24... Kc7 {[%clk 00:22:02] [%emt 00:03:13]} 25. Qg6 {[%clk
00:54:28] [%emt 00:01:21]} 25... Bb4 {[%clk 00:19:35] [%emt 00:03:01]} 26. a3
{[%clk 00:54:30] [%emt 00:00:29]} 1-0

[Event "New Zealand Junior Championship"]
[Site "Wellington"]
[Date "2023.01.04"]
[Round "2.6"]
[White "Chen, Anderson"]
[Black "Loke, Kayden"]
[Result "1-0"]
[WhiteElo "1487"]
[BlackElo "1972"]

1. e4 {[%clk 01:00:57] [%emt 00:00:03]} 1... e5 {[%clk 01:00:04] [%emt
00:00:57]} 2. Nf3 {[%clk 01:01:22] [%emt 00:00:05]} 2... Nf6 {[%clk 00:59:33]
[%emt 00:01:01]} 3. Nxe5 {[%clk 01:01:45] [%emt 00:00:07]} 3... Nc6 {[%clk
00:58:48] [%emt 00:01:16]} 4. Nxc6 {[%clk 01:00:43] [%emt 00:01:32]} 4... dxc6
{[%clk 00:58:59] [%emt 00:00:18]} 5. d3 {[%clk 01:00:56] [%emt 00:00:17]} 5...
Bc5 {[%clk 00:58:58] [%emt 00:00:31]} 6. Be2 {[%clk 00:59:15] [%emt 00:02:12]}
6... h5 {[%clk 00:58:10] [%emt 00:01:18]} 7. c3 {[%clk 00:57:39] [%emt
00:02:06]} 7... Bb6 {[%clk 00:57:13] [%emt 00:01:27]} 8. h3 {[%clk 00:57:40]
[%emt 00:00:28]} 8... h4 {[%clk 00:55:03] [%emt 00:02:41]} 9. Nd2 {[%clk
00:56:57] [%emt 00:01:13]} 9... Nh7 {[%clk 00:47:44] [%emt 00:07:50]} 10. Nf3
{[%clk 00:55:01] [%emt 00:02:25]} 10... f5 {[%clk 00:44:38] [%emt 00:03:37]}
11. exf5 {[%clk 00:51:43] [%emt 00:03:48]} 11... Bxf5 {[%clk 00:44:30] [%emt
00:00:38]} 12. d4 {[%clk 00:49:14] [%emt 00:02:59]} 12... Qe7 {[%clk 00:42:52]
[%emt 00:02:07]} 13. Be3 {[%clk 00:47:21] [%emt 00:02:24]} 13... O-O-O {[%clk
00:40:05] [%emt 00:03:16]} 14. Qd2 {[%clk 00:44:05] [%emt 00:03:46]} 14... Nf6
{[%clk 00:32:35] [%emt 00:07:59]} 15. Qd1 {[%clk 00:37:19] [%emt 00:07:17]}
15... Rde8 {[%clk 00:29:26] [%emt 00:03:39]} 16. b4 {[%clk 00:30:05] [%emt
00:07:44]} 16... Nd5 {[%clk 00:27:50] [%emt 00:02:05]} 17. Qd2 {[%clk 00:28:00]
[%emt 00:02:38]} 17... Nxe3 18. Qxe3 {[%clk 00:28:17]} 18... Qxe3 {[%clk
00:27:24] [%emt 00:00:30]} 19. fxe3 {[%clk 00:28:39] [%emt 00:00:08]} 19...
Rxe3 {[%clk 00:27:48] [%emt 00:00:06]} 20. Kd2 {[%clk 00:29:01] [%emt
00:00:08]} 20... Rhe8 {[%clk 00:27:02] [%emt 00:01:16]} 21. Rae1 {[%clk
00:27:40] [%emt 00:01:51]} 21... Kd8 {[%clk 00:24:45] [%emt 00:02:47]} 22. Nxh4
{[%clk 00:25:42] [%emt 00:02:28]} 22... Bb1 {[%clk 00:23:58] [%emt 00:01:17]}
23. Bc4 {[%clk 00:24:05] [%emt 00:02:07]} 23... Rxe1 {[%clk 00:23:05] [%emt
00:01:23]} 24. Rxe1 {[%clk 00:24:21] [%emt 00:00:14]} 24... Rxe1 {[%clk
00:22:26] [%emt 00:01:09]} 25. Kxe1 {[%clk 00:24:46] [%emt 00:00:04]} 25... Be4
{[%clk 00:22:51] [%emt 00:00:07]} 26. Ke2 {[%clk 00:24:12] [%emt 00:01:03]}
26... g5 {[%clk 00:23:03] [%emt 00:00:18]} 27. Nf3 {[%clk 00:24:18] [%emt
00:00:23]} 27... Bxf3+ {[%clk 00:23:19] [%emt 00:00:15]} 28. Kxf3 {[%clk
00:24:42] [%emt 00:00:05]} 28... Ke7 {[%emt 00:00:58]} 29. Kg4 {[%clk 00:23:59]
[%emt 00:00:20]} 29... Kf6 {[%emt 00:00:10]} 30. Bd3 {[%clk 00:24:24] [%emt
00:00:03]} 30... a5 {[%clk 00:24:28] [%emt 00:00:09]} 31. a3 {[%clk 00:24:11]
[%emt 00:00:43]} 31... axb4 {[%clk 00:24:34] [%emt 00:00:24]} 32. axb4 {[%clk
00:24:33] [%emt 00:00:07]} 32... Ba7 {[%clk 00:24:39] [%emt 00:00:25]} 33. Be4
{[%clk 00:24:38] [%emt 00:00:25]} 33... Bb6 {[%clk 00:23:18] [%emt 00:01:51]}
34. h4 {[%clk 00:24:27] [%emt 00:00:40]} 34... gxh4 {[%clk 00:23:25] [%emt
00:00:23]} 35. Kxh4 {[%clk 00:24:54] [%emt 00:00:04]} 35... Ba7 {[%clk
00:20:53] [%emt 00:03:03]} 36. Kh5 {[%clk 00:25:10] [%emt 00:00:14]} 36... Kg7
{[%emt 00:00:17]} 37. Kg5 {[%emt 00:01:52]} 37... c5 {[%clk 00:20:00] [%emt
00:00:02]} 38. bxc5 {[%emt 00:01:37]} 38... b6 {[%clk 00:19:27] [%emt
00:00:36]} 39. c6 {[%emt 00:00:47]} 39... b5 {[%emt 00:00:30]} 40. d5 {[%emt
00:00:26]} 40... Bc5 {[%emt 00:00:47]} 41. Bd3 {[%emt 00:00:41]} 41... b4
{[%emt 00:00:36]} 42. c4 {[%clk 00:23:38] [%emt 00:00:17]} 42... Bd6 {[%clk
00:20:18] [%emt 00:00:07]} 43. Kf5 {[%clk 00:23:58] [%emt 00:00:10]} 43... Kf7
{[%emt 00:00:51]} 44. Bc2 {[%clk 00:22:28] [%emt 00:01:59]} 44... Ke7 {[%emt
00:03:19]} 45. Kg6 {[%emt 00:03:00]} 45... Bc5 {[%emt 00:00:22]} 46. g4 {[%emt
00:02:15]} 46... Kd6 {[%clk 00:14:02] [%emt 00:00:05]} 47. g5 {[%clk 00:20:04]
[%emt 00:02:18]} 47... Be3 {[%clk 00:10:52] [%emt 00:03:41]} 48. Kf6 {[%clk
00:19:46] [%emt 00:00:48]} 48... Kc5 {[%clk 00:11:07] [%emt 00:00:16]} 49. Bb3
{[%clk 00:19:14] [%emt 00:01:01]} 49... Kd6 {[%clk 00:10:59] [%emt 00:00:38]}
50. g6 {[%clk 00:19:31] [%emt 00:00:13]} 50... Bd4+ {[%clk 00:11:24] [%emt
00:00:05]} 51. Kf7 {[%clk 00:19:51] [%emt 00:00:10]} 51... Ba1 {[%clk 00:11:32]
[%emt 00:00:22]} 52. g7 {[%clk 00:20:15] [%emt 00:00:06]} 52... Bxg7 {[%clk
00:11:56] [%emt 00:00:06]} 53. Kxg7 {[%clk 00:20:41] [%emt 00:00:04]} 53... Kc5
{[%clk 00:12:21] [%emt 00:00:05]} 54. Kf7 {[%clk 00:21:03] [%emt 00:00:07]}
54... Kd6 {[%clk 00:12:47] [%emt 00:00:04]} 55. Ke8 {[%clk 00:21:20] [%emt
00:00:14]} 55... Kc5 {[%clk 00:13:07] [%emt 00:00:11]} 56. Kd7 {[%clk 00:21:39]
[%emt 00:00:10]} 56... Kb6 {[%clk 00:13:32] [%emt 00:00:04]} 57. Kd8 {[%clk
00:21:58] [%emt 00:00:11]} 57... Kc5 {[%clk 00:13:14] [%emt 00:00:48]} 58. Kxc7
{[%clk 00:22:23] [%emt 00:00:06]} 58... Kd4 {[%clk 00:13:41] [%emt 00:00:03]}
59. Kb7 {[%clk 00:22:46] [%emt 00:00:06]} 59... Kc3 {[%clk 00:14:06] [%emt
00:00:05]} 60. c7 {[%clk 00:23:01] [%emt 00:00:15]} 60... Kxb3 {[%emt
00:00:06]} 61. c8=Q {[%clk 00:23:18] [%emt 00:00:12]} 61... Ka2 {[%clk
00:14:53] [%emt 00:00:08]} 62. Qa8+ {[%clk 00:23:37] [%emt 00:00:10]} 62... Kb2
{[%clk 00:15:15] [%emt 00:00:08]} 63. Qa4 {[%clk 00:23:54] [%emt 00:00:14]}
63... b3 {[%clk 00:15:40] [%emt 00:00:05]} 64. Qxb3+ {[%clk 00:24:09] [%emt
00:00:15]} 1-0

[Event "New Zealand Junior Championship"]
[Site "Wellington"]
[Date "2023.01.04"]
[Round "2.7"]
[White "Lu, Xiahan (Luna)"]
[Black "Paxton, Levi"]
[Result "1/2-1/2"]
[WhiteElo "1480"]
[BlackElo "1912"]

1. d4 {[%clk 01:00:44] [%emt 00:00:16]} 1... Nf6 {[%clk 01:00:36] [%emt
00:00:23]} 2. c4 {[%clk 01:00:42] [%emt 00:00:33]} 2... g6 {[%clk 01:00:38]
[%emt 00:00:28]} 3. Nc3 {[%clk 01:00:34] [%emt 00:00:39]} 3... d5 {[%clk
01:00:59] [%emt 00:00:08]} 4. Bg5 {[%clk 00:58:47] [%emt 00:02:15]} 4... Bg7
{[%clk 01:00:43] [%emt 00:00:46]} 5. Bxf6 {[%clk 00:56:27] [%emt 00:02:50]}
5... exf6 {[%clk 01:00:00] [%emt 00:01:13]} 6. Nxd5 {[%clk 00:50:43] [%emt
00:06:15]} 6... O-O {[%clk 01:00:00] [%emt 00:00:30]} 7. e3 {[%clk 00:50:27]
[%emt 00:00:46]} 7... Be6 {[%clk 00:58:46] [%emt 00:01:43]} 8. Nc3 {[%clk
00:48:56] [%emt 00:02:02]} 8... c5 {[%clk 00:56:32] [%emt 00:02:44]} 9. d5
{[%clk 00:47:35] [%emt 00:01:50]} 9... Bf5 {[%clk 00:53:44] [%emt 00:03:17]}
10. Nf3 {[%clk 00:45:14] [%emt 00:02:51]} 10... Qb6 {[%clk 00:52:08] [%emt
00:02:06]} 11. Qd2 {[%clk 00:41:17] [%emt 00:04:24]} 11... g5 {[%clk 00:47:36]
[%emt 00:05:05]} 12. h3 {[%clk 00:39:48] [%emt 00:01:58]} 12... Re8 {[%clk
00:45:24] [%emt 00:02:44]} 13. Be2 {[%clk 00:35:51] [%emt 00:04:24]} 13... Nd7
{[%clk 00:44:21] [%emt 00:01:35]} 14. Nh2 {[%clk 00:29:12] [%emt 00:07:07]}
14... Ne5 {[%clk 00:43:32] [%emt 00:01:22]} 15. O-O {[%clk 00:28:10] [%emt
00:01:32]} 15... h5 {[%clk 00:40:50] [%emt 00:03:11]} 16. e4 {[%clk 00:25:15]
[%emt 00:03:26]} 16... Bd7 {[%clk 00:38:18] [%emt 00:03:01]} 17. f4 {[%clk
00:23:45] [%emt 00:01:57]} 17... Ng6 {[%clk 00:38:21] [%emt 00:00:29]} 18. fxg5
{[%clk 00:17:08] [%emt 00:07:07]} 18... fxg5 {[%clk 00:34:18] [%emt 00:04:31]}
19. Bxh5 {[%clk 00:15:37] [%emt 00:02:02]} 19... Nf4 {[%clk 00:30:54] [%emt
00:03:54]} 20. Bf3 {[%clk 00:14:54] [%emt 00:01:11]} 20... Qd6 {[%clk 00:24:55]
[%emt 00:06:32]} 21. Rae1 {[%clk 00:09:43] [%emt 00:05:40]} 21... Re7 {[%clk
00:20:19] [%emt 00:05:02]} 22. Ng4 {[%clk 00:08:01] [%emt 00:02:14]} 22... Bxg4
{[%clk 00:15:20] [%emt 00:05:31]} 23. Bxg4 {[%clk 00:08:21] [%emt 00:00:10]}
23... Qe5 {[%clk 00:15:10] [%emt 00:00:38]} 24. Bf5 {[%clk 00:07:36] [%emt
00:01:15]} 24... Rd8 {[%clk 00:11:47] [%emt 00:03:56]} 25. Qd1 {[%clk 00:05:15]
[%emt 00:02:46]} 25... Qd4+ {[%clk 00:10:42] [%emt 00:01:39]} 26. Qxd4 {[%clk
00:05:19] [%emt 00:00:26]} 26... Bxd4+ {[%clk 00:11:04] [%emt 00:00:09]} 27.
Kh1 {[%clk 00:05:26] [%emt 00:00:07]} 27... Nd3 {[%clk 00:10:59] [%emt
00:00:52]} 28. Re2 {[%clk 00:05:00] [%emt 00:00:46]} 28... Ne5 {[%clk 00:10:33]
[%emt 00:01:05]} 29. Nb5 {[%clk 00:04:21] [%emt 00:01:09]} 29... Nxc4 {[%clk
00:10:32] [%emt 00:00:31]} 30. Nxd4 {[%clk 00:04:02] [%emt 00:00:50]} 30...
cxd4 {[%clk 00:10:39] [%emt 00:00:21]} 31. g4 {[%clk 00:03:48] [%emt 00:00:45]}
31... Rxd5 {[%clk 00:10:46] [%emt 00:00:22]} 32. Rc2 {[%clk 00:02:54] [%emt
00:01:21]} 32... Rxf5 {[%clk 00:08:58] [%emt 00:02:21]} 33. exf5 {[%clk
00:02:33] [%emt 00:00:51]} 33... Ne3 {[%clk 00:07:44] [%emt 00:01:44]} 34. Rc8+
{[%clk 00:02:57] [%emt 00:00:06]} 34... Kh7 {[%clk 00:07:37] [%emt 00:00:37]}
35. Rfc1 {[%clk 00:02:20] [%emt 00:01:08]} 35... Nd5 {[%clk 00:06:38] [%emt
00:01:28]} 36. Rd8 {[%clk 00:02:27] [%emt 00:00:22]} 36... Nf4 {[%clk 00:05:47]
[%emt 00:01:22]} 37. Rd1 {[%clk 00:01:55] [%emt 00:00:51]} 37... d3 {[%clk
00:05:50] [%emt 00:00:38]} 38. R8xd3 {[%clk 00:00:34] [%emt 00:01:51]} 38...
Nxd3 {[%clk 00:06:11] [%emt 00:00:08]} 39. Rxd3 {[%clk 00:01:01] [%emt
00:00:04]} 39... Re1+ {[%clk 00:06:33] [%emt 00:00:08]} 40. Kg2 {[%clk
00:01:26] [%emt 00:00:04]} 40... Re2+ {[%clk 00:06:53] [%emt 00:00:11]} 41. Kg3
{[%clk 00:01:43] [%emt 00:00:11]} 41... Rxb2 {[%clk 00:07:19] [%emt 00:00:06]}
42. a3 {[%clk 00:02:09] [%emt 00:00:05]} 42... a5 {[%clk 00:07:19] [%emt
00:00:29]} 43. Kf3 {[%clk 00:02:16] [%emt 00:00:21]} 43... b5 {[%clk 00:07:21]
[%emt 00:00:31]} 44. Ke4 {[%clk 00:02:38] [%emt 00:00:06]} 44... b4 {[%clk
00:06:12] [%emt 00:01:40]} 45. axb4 {[%clk 00:02:07] [%emt 00:01:01]} 45...
Rxb4+ {[%clk 00:06:18] [%emt 00:00:23]} 46. Ke3 {[%clk 00:01:41] [%emt
00:00:57]} 46... Kg7 {[%clk 00:06:16] [%emt 00:00:32]} 47. Ra3 {[%clk 00:01:52]
[%emt 00:00:17]} 47... a4 {[%clk 00:06:13] [%emt 00:00:35]} 48. Kd2 {[%clk
00:02:09] [%emt 00:00:08]} 48... Kf6 {[%clk 00:06:19] [%emt 00:00:29]} 49. Kc3
{[%clk 00:02:09] [%emt 00:00:30]} 49... Rf4 {[%clk 00:06:47] [%emt 00:00:02]}
50. Kb2 {[%clk 00:02:19] [%emt 00:00:19]} 50... Rb4+ {[%clk 00:05:51] [%emt
00:01:28]} 51. Kc2 {[%emt 00:00:42]} 51... Rf4 {[%clk 00:05:49] [%emt
00:00:24]} 52. Kb2 {[%clk 00:02:36] [%emt 00:00:09]} 52... Rf2+ {[%clk
00:05:35] [%emt 00:00:45]} 53. Kb1 {[%clk 00:02:38] [%emt 00:00:23]} 53... Rf4
{[%clk 00:05:34] [%emt 00:00:36]} 54. Kb2 {[%clk 00:02:51] [%emt 00:00:17]}
1/2-1/2